Himno de la raza / (Record no. 54882)

MARC details
000 -LEADER
campo de control de longitud fija 00515nam a2200181 i 4500
001 - NÚMERO DE CONTROL
campo de control 54882
003 - IDENTIFICADOR DE NÚMERO DE CONTROL
campo de control ES-MaACL
005 - FECHA Y HORA DE LA ÚLTIMA TRANSACCIÓN
campo de control 20230906163036.0
007 - CAMPO FIJO DE DESCRIPCIÓN FÍSICA--INFORMACIÓN GENERAL
campo de control de longitud fija t|
008 - DATOS DE LONGITUD FIJA--INFORMACIÓN GENERAL
campo de control de longitud fija 040126q1925 sp |||| | spa d
100 1# - ENTRADA PRINCIPAL--NOMBRE DE PERSONA
Nombre de persona Gamisans, Juan.
9 (RLIN) 53797
245 10 - MENCIÓN DEL TÍTULO
Título Himno de la raza /
Mención de responsabilidad, etc. música del maestro Gamisans ; letra de Julio Noguera.
260 ## - PUBLICACIÓN, DISTRIBUCIÓN, ETC.
Lugar de publicación, distribución, etc. Madrid :
Nombre del editor, distribuidor, etc. [J. Gamisans,
Fecha de publicación, distribución, etc. ca. 1925]
300 ## - DESCRIPCIÓN FÍSICA
Extensión [2] h. ;
Dimensiones 28 cm.
650 #4 - PUNTO DE ACCESO ADICIONAL DE MATERIA--TÉRMINO DE MATERIA
Término de materia o nombre geográfico como elemento de entrada Himnos.
9 (RLIN) 143234
700 1# - ENTRADA AGREGADA--NOMBRE PERSONAL
Nombre de persona Noguera, Julio.
9 (RLIN) 85869
852 ## - LOCALIZACIÓN
Ubicación ES-MaACL
Número de control de estantería 1682-F-8
Holdings
Estatus retirado Estado de pérdida Estado de daño No para préstamo Colección Biblioteca de origen Biblioteca actual Ubicación en estantería Fecha de adquisición Fuente de adquisición Total de préstamos Signatura topográfica completa Código de barras Visto por última vez Precio de reemplazo Tipo de ítem Koha
        Colección de folletos Biblioteca del Ateneo de Madrid Biblioteca del Ateneo de Madrid Depósito folletos 17/01/2008     1682-F-8 1057672 23/02/2023 23/02/2023 Folleto